| 000 | 00816nam a22002537a 4500 | ||
|---|---|---|---|
| 001 | 44737 | ||
| 003 | UA-OsUOA | ||
| 005 | 20201202213322.0 | ||
| 007 | ta | ||
| 008 | 20070312b un ||||| |||| 00| 0 ukr d | ||
| 020 | _a966-574-098-9 | ||
| 040 |
_aUA-OsUOA _bukr _cUA-OsUOA _dUA-OsUOA |
||
| 041 | _aukr | ||
| 080 | _a004.4:33 | ||
| 090 |
_a004.4:33 _bМ75 |
||
| 100 | _aМолодцова О. П. | ||
| 245 |
_aПрикладне програмне забезпечення _bнавч.-метод. посіб. для самост. вивч. дисц. |
||
| 260 |
_aК. _bКНЕУ _c2000 |
||
| 300 | _a264 с. | ||
| 650 | 7 |
_a00 Загальні питання науки і культури _2UDC |
|
| 942 |
_cBK _2udc |
||
| 955 | _a2 | ||
| 999 |
_c330819 _d330819 |
||